| 000 -LEADER | |
|---|---|
| fixed length control field | 01011ctm a2200277 a 4500 |
| 003 - CONTROL NUMBER IDENTIFIER | |
| control field | OSt |
| 005 - DATE AND TIME OF LATEST TRANSACTION | |
| control field | 20250503191209.0 |
| 007 - PHYSICAL DESCRIPTION FIXED FIELD--GENERAL INFORMATION | |
| fixed length control field | ta |
| 008 - FIXED-LENGTH DATA ELEMENTS--GENERAL INFORMATION | |
| fixed length control field | 150206s2011 001 0 eng d |
| 020 ## - INTERNATIONAL STANDARD BOOK NUMBER | |
| International Standard Book Number | 9781907713156 (paperback) |
| 040 ## - CATALOGING SOURCE | |
| Transcribing agency | DLC |
| 082 04 - DEWEY DECIMAL CLASSIFICATION NUMBER | |
| Classification number | AFR 261.833 Aga 2011 |
| Item number | dc23 |
| 100 1# - MAIN ENTRY--PERSONAL NAME | |
| Personal name | Agang, Sunday Bobai. |
| 245 14 - TITLE STATEMENT | |
| Title | The impact of ethnic, political, and religious violence on northern Nigeria, and a theological reflection on its healing / |
| Statement of responsibility, etc. | by Sunday Bobai Agang. |
| 260 ## - PUBLICATION, DISTRIBUTION, ETC. | |
| Place of publication, distribution, etc. | Carlisle : |
| Name of publisher, distributor, etc. | Langham, |
| Date of publication, distribution, etc. | 2011. |
| 300 ## - PHYSICAL DESCRIPTION | |
| Extent | xvii, 309 p ; |
| Dimensions | 23 cm. |
| 440 #0 - SERIES STATEMENT/ADDED ENTRY--TITLE | |
| Title | Langham Monographs |
| 650 #0 - SUBJECT ADDED ENTRY--TOPICAL TERM | |
| Topical term or geographic name entry element | Violence |
| Geographic subdivision | Nigeria, Northern. |
| 650 #0 - SUBJECT ADDED ENTRY--TOPICAL TERM | |
| Topical term or geographic name entry element | Violence |
| General subdivision | Religious aspects |
| -- | Christianity. |
| 650 #0 - SUBJECT ADDED ENTRY--TOPICAL TERM | |
| Topical term or geographic name entry element | Ethnic conflict |
| Geographic subdivision | Nigeria, Northern. |
| 650 #0 - SUBJECT ADDED ENTRY--TOPICAL TERM | |
| Topical term or geographic name entry element | Ethnic conflict |
| General subdivision | Religious aspects. |
| 650 #0 - SUBJECT ADDED ENTRY--TOPICAL TERM | |
| Topical term or geographic name entry element | Church and social problems |
| Geographic subdivision | Nigeria, Northern. |
| 650 #0 - SUBJECT ADDED ENTRY--TOPICAL TERM | |
| Topical term or geographic name entry element | Conflict management |
| Geographic subdivision | Nigeria, Northern. |
| 650 #0 - SUBJECT ADDED ENTRY--TOPICAL TERM | |
| Topical term or geographic name entry element | Conflict management |
| General subdivision | Religious aspects |
| -- | Christianity. |
| 942 ## - ADDED ENTRY ELEMENTS (KOHA) | |
| Koha item type | Books |
| Source of classification or shelving scheme | Dewey Decimal Classification |
| Withdrawn status | Lost status | Damaged status | Not for loan | Home library | Current library | Shelving location | Date acquired | Total checkouts | Full call number | Barcode | Date last seen | Price effective from | Koha item type |
|---|---|---|---|---|---|---|---|---|---|---|---|---|---|
| Ethiopian Graduate School of Theology Library | Ethiopian Graduate School of Theology Library | Available at Circulation Section | 03/09/2025 | AFR 261.833 Aga 2011 | 9747 | 06/30/2025 | 03/09/2025 | AFRICAN COLLECTION |